| 000 -LEADER |
| fixed length control field |
00911cam a2200277 a 4500 |
| 005 - DATE AND TIME OF LATEST TRANSACTION |
| control field |
20131115084547.0 |
| 008 - FIXED-LENGTH DATA ELEMENTS--GENERAL INFORMATION |
| fixed length control field |
930423s1993 nyua b 001 0 eng |
| 020 ## - INTERNATIONAL STANDARD BOOK NUMBER |
| International Standard Book Number |
0801428408 |
| 020 ## - INTERNATIONAL STANDARD BOOK NUMBER |
| International Standard Book Number |
0801480884 |
| 041 0# - LANGUAGE CODE |
| Language code of text/sound track or separate title |
eng |
| 080 ## - UNIVERSAL DECIMAL CLASSIFICATION NUMBER |
| Universal Decimal Classification number |
341 |
| 100 1# - Rafti |
| Rafti |
Lustick, Ian, |
| 100 1# - Rafti |
| -- |
1949- |
| 245 10 - TITLE STATEMENT |
| Title |
Unsettled states, disputed lands : |
| Statement of responsibility, etc |
Ian S. Lustick. |
| 260 ## - |
| -- |
Ithaca : |
| -- |
Cornell University Press ; |
| -- |
1993. |
| 300 ## - |
| -- |
576 f. : |
| -- |
ill. ; |
| -- |
24 cm. |
| 440 #4 - |
| -- |
The Wilder House series in politics, history, and culture |
| 500 ## - |
| -- |
Preface : f. XI-XIV |
| 504 ## - BIBLIOGRAPHY, ETC. NOTE |
| Bibliography, etc |
Includes bibliographical references (p. 457-564) and index. |
| 650 #0 - |
| -- |
Blerja e territorit |
| 650 #0 - |
| -- |
E drejta ndërkombëtare |
| 650 #0 - |
| -- |
Sovraniteti. |
| 651 #0 - |
| -- |
Northern Ireland. |
| 651 #0 - |
| -- |
West Bank. |
| 651 #0 - |
| -- |
Algeria. |
| 942 ## - ADDED ENTRY ELEMENTS (KOHA) |
| Source of classification or shelving scheme |
|
| Item type |
Books |